Datum a čas kvízu
35
Celkem bodů
Celkový počet nahraných bodů na tomto kvízu bez doplňovacích otázek.
6.
Pořadí na kvízu
Konečné umístění týmu na tomto kvízu.
Zaznamenané odpovědi
| # | Otázka | Odpověď | Body | Výsledky |
|---|---|---|---|---|
| 1. | V pondělí jsme si připomněli 1... | 42 osobností | 1 | |
| 2. | Pětadvacetiletá Jenna Schardt... | mozek | 0 | |
| 3. | Po žalobě od hollywoodských st... | topserialy.to | 1 | |
| 4. | Minulý týden byla oznámena dal... | Fitbit | 1 | |
| 5. | Fotbalisté Slavie triumf v dom... | FC Baník Ostrava | 1 | |
| 6. | Jako československá nová vlna... | Přelet nad kukaččím hnízdem, Amadeus | 1 | |
| 7. | Zřejmě nejpopulárnějším snímke... | dr. Ulrich | 0 | |
| 8. | Vraťme se ještě k Miloši Forma... | King Skate | 0 | |
| 9. | Do československé nové vlny js... | Herz, Jakubisko | 1 | |
| 10. | Ve filmu Spalovač mrtvol se v... | Jiří Menzel | 1 |